Statistiques concernant Paroles - Quelques mots d'amour - Michel Berger

Cliquez ici pour prendre le quiz!

Statistiques générales

  • Ce quiz a été pris 114 fois
  • Le résultat moyen est 157 sur 202

Statistiques - réponses

Réponse% Correct
d'amour
98%
je
98%
Je
98%
Que
98%
que
98%
mots
96%
de
95%
De
95%
me
95%
Quelques
95%
quelques
95%
à
94%
le
93%
des
91%
mes
91%
Mes
91%
mon
91%
plus
90%
ce
89%
et
89%
Et
89%
se
89%
la
88%
t'envoie
85%
un
85%
une
85%
83%
83%
ces
81%
du
80%
suis
80%
images
79%
belles
78%
comme
78%
est
78%
Il
78%
les
78%
Les
78%
sens
77%
d'aéroport
75%
étoile
75%
jours
75%
ne
75%
tout
75%
moi
74%
papillon
74%
qui
74%
sort
74%
fort
73%
monde
73%
village
73%
l'ironie
72%
seul
72%
si
72%
sur
72%
capital
70%
gens
70%
dans
69%
peut
69%
décor
68%
être
68%
pour
68%
tous
68%
mal
67%
millions
67%
D'où
64%
l'air
64%
près
64%
retourne
64%
sentiment
64%
vient
64%
bizarre
63%
coeur
63%
voyages
63%
chaud
62%
connaissent
62%
glacial
62%
veulent
62%
manque
60%
quelqu'un
59%
Parmi
58%
amis
57%
au
57%
filles
53%
sourires
53%
cent
49%
l'heure
49%
danser
48%
coeurs
43%
remplacer
43%
battements
42%
victoires
42%
boîtes
38%
musique
38%
répéter
38%
saura
38%
nuits
36%
passent
36%
Qu'aucune
35%
greffent
32%
inhabitées
32%
docteurs
28%
J'écoute
26%

Distribution des résultats

Percentile par nombre de réponses

% des personnes avec chaque résultat

Votre développement - résultats

Vous n’avez pas pris ce quiz